Diritti umani /

Tutte le persone meritano di essere rispettate e valorizzate, indipendentemente da dove sono nate, da ciò che possiedono, da quello in cui credono o che pensano; da come camminano, che sia sulle proprie gambe o su una sedia a ruote; qualunque sia il loro genere, chiunque amino, qualunque sia il colo...

Descripció completa

Guardat en:
Dades bibliogràfiques
Autor principal: Herrero, Yayo (Autor)
Altres autors: Demano, Luis (Illustrador), Romeo, Maura (Traductor)
Format: Llibre
Idioma:italià
Publicat: Faenza : Quinto quarto, ©2023
Col·lecció:Grande
Matèries:
Etiquetes: Afegir etiqueta
Sense etiquetes, Sigues el primer a etiquetar aquest registre!

MARC

LEADER 00000nam a22000007i 4500
001 IT\ICCU\UBO\4700220
003 ItRI
005 20260115232148.0
008 230420s2023 it |||||| |||||0|||||c
020 |a 9788885546479 
040 |b ita  |c importazione bologna sebina 
041 7 |a ita  |2 ISO-639-2 
082 |a 323  |9 DIRITTI CIVILI E POLITICI  |2 23 
100 1 |a Herrero, Yayo  |0 IT\ICCU\UBOV\083000  |4 aut 
240 1 0 |a Derechos humanos  |3 IT\ICCU\UBO\4687397  |9 Herrero, Yayo 
245 1 0 |a Diritti umani /  |c Yayo Herrero, Luis Demano ; traduzione di Maura Romeo. 
260 |a Faenza :  |b Quinto quarto,  |c ©2023 
300 |a 69 p. :  |b ill. ;  |c 33 cm 
520 |a Tutte le persone meritano di essere rispettate e valorizzate, indipendentemente da dove sono nate, da ciò che possiedono, da quello in cui credono o che pensano; da come camminano, che sia sulle proprie gambe o su una sedia a ruote; qualunque sia il loro genere, chiunque amino, qualunque sia il colore della loro pelle o la loro età. Tutte le vite sono importanti e meritano di essere vissute pienamente e dignitosamente. Un libro a tutto colore di grande formato. come il tema che affronta. Un viaggio attraverso ciò che sono stati, sono e saranno i diritti umani. Età di lettura: da 12 anni. 
650 7 |a Diritti umani 
700 1 |a Demano, Luis  |0 IT\ICCU\LO1V\466240  |4 ill 
700 1 |a Romeo, Maura  |0 IT\ICCU\MODV\671984  |4 trl 
830 0 |a Grande  |0 IT\ICCU\UBO\4643952 
942 |2 ddc  |c BK  |n 0 
952 |0 0  |1 0  |4 0  |6 R_323_000000000000000_HER  |7 0  |9 21201  |a BO  |b BO  |d 2026-01-15  |i 20224  |l 0  |o R 323 HER  |p BO20224  |r 2026-01-15 23:21:48  |w 2026-01-15  |x [Sebina 5] [1 v.]  |y BK  |z 1 v. 
999 |c 18117  |d 18117